000 00565nam a2200229Ia 4500
003 OSt
005 20220924153307.0
006 a|||||r|||| 00| 0
007 ta
008 220923b |||||||| |||| 00| 0 tel d
024 _a347755
037 _cTextual
040 _aARTS
_cARTS
_btel
041 _2tel
_atel
082 _aY.216.N69, 35L4
245 0 _aAndhra Pradesh Rashtra Paripalana Nivedika
260 _c1974
300 _a569p.
_ccm.
650 _aSOCIOLOGY
942 _hY.216.N69, 35L4
_cTEXL
_2CC
999 _c473068
_d473068